000 00868nam a2200229 a 4500
001 85469
003 BD-RjUL
005 20250807125359.0
008 250807s1988 bg ||||| |||| 00| 0 ben d
035 _a(BD-RjUL)85469
040 _aBD-RjUL
_beng
_cBD-RjUL
041 _aben
082 _223
_a181.07
_bHAM 1988
100 _aহামিদ, আবদুল
_916506
245 _aমুসলিম দর্শন পরিচিতি /
_cআবদুল হামিদ, মুহাম্মদ আবদুল হাই ঢালী
260 _aঢাকা :
_bপুথিঘর লিঃ,
_c১৯৮৮
300 _a২৩৯, ৫ পৃ.;
_c২১ সেমি.
650 _aইসলামী দর্শন
650 _aIslamic Philosophy
700 _a ঢালী, মুহাম্মদ আবদুল হাই
_916508
942 _2ddc
_cBK
999 _c85469
_d85469